Statistics for U.S. States With the Most French Speakers

Click here to take the quiz!

General Stats

  • This quiz has been taken 72 times
  • The average score is 7 of 10

Answer Stats

# of French SpeakersState% Correct
834,540New York
97%
1,303,714California
87%
618,426Florida
87%
1,069,558Louisiana
85%
673,606Texas
80%
485,902Illinois
70%
947,319Massachusetts
62%
942,230Michigan
57%
464,159Ohio
54%
370,490Connecticut
34%

Score Distribution

Percentile by Number Answered

Percent of People with Each Score

Your Score History

You have not taken this quiz